Brentano értékelmélete
Elmentve itt :
| Szerző: | |
|---|---|
| Adatforrás: | Philobibl |
| Dokumentumtípus: | Könyv |
| Nyelv: | magyar |
| Kulcsszavak: | Brentano értékelmélet |
| Megjelent: |
Vác
Pestvidéki ny.
1930
|
| LEADER | 00339nam a2200133 c 4500 | ||
|---|---|---|---|
| 001 | bibDOK00006470 | ||
| 005 | 20200924120234.8 | ||
| 008 | 060518s1930 xx hun | ||
| 100 | 1 | |a Juhay Pál | |
| 245 | 1 | 0 | |a Brentano értékelmélete |c Juhay Pál |
| 260 | |a Vác |b Pestvidéki ny. |c 1930 | ||
| 300 | |a 72 p. | ||
| 695 | |a Brentano | ||
| 695 | |a értékelmélet | ||